Регионална библиотека "Любен Каравелов" - Русе

MINORITES Bulgares en Roumanie (Запис номер 344721)

MARC детайли
000 -Лидер
Контролно поле с фиксирана дължина 00839nam a2200265 c 4500
003 - Код на организацията, давaща контролен номер
Контролно поле BLK
005 - Дата и час на последна редакция
Контролно поле 20190913121316.0
008 - Елементи от данни с фиксирана дължина
fixed length control field 180911b bul|||||r ||||||| ||bul||
010 ## - Наследен системен номер
LC control number 004387
040 ## - Източник на каталожния запис
Идентификатор на билиотеката - собственик на записа BLK
041 ## - Код за език
Код за езика на текст/звукозапис или на отделно заглавие Френски
080 ## - УДК
УДК - код + определител 949.72949.8
100 1# - Редна дума - Автор
Автор
Авторска отговорност първи автор
245 10 - Сведения за заглавието
Заглавие MINORITES Bulgares en Roumanie
246 ## - Различни форми на заглавието
Паралелно заглавие Memoires
Подзаглавни данни MINORITES Bulgares en Roumanie
260 ## - Област на издателските данни
Място на издаване, разпространение и проч. Sofia
Година на издаване 1932
Печатница La Bulgarie
300 ## - Физическа характеристика
Страници 54 с
Размери/Мащаб 22 см
380 ## - Жанр
Жанр История
490 ## - СЕРИИ (Колекции)
Име на серия Union des associations bulgares pour la paix et la Societe des nations
490 ## - СЕРИИ (Колекции)
Име на серия Частна колекция - Академик Михаил Арнаудов
Бележки за серията Дарение - Основен фонд
650 ## - Допълнително описание по предмет – тема
Основно описание – тема или топоним История
655 ## - Ключова дума – жанр/разновидност
Данни за жанр/разновидност или ключова дума за фокус българска история
852 ## - Местоположение
Форматна сигнатура МА 1548
942 ## - АРТИКУЛИ
Вид на библиотечния материал Книги
Скрит в OPAC Не
944 ## - СЪЗДАВАНЕ И РЕДАКЦИЯ на ЗАПИСА
Създаване/Редакция Създаване
Дата на регистрацията/редакция 1996
Служител, извършил регистрацията/редакцията ValK
999 ## - СИСТЕМНИ КОНТРОЛНИ НОМЕРА
Koha biblionumber 344721
Koha biblioitemnumber 344721
Наличности
Код за отписване Код за изгубен артикул Източник на класификационната схема Код за повреда Коз за рестрикции Код за отдаване Артикулен № Име на библиотеката - собственик Име на библиотеката, в която се намира в момента Статус (Текущо местоположение) Местоположение - отдел Цена в лева Номерация (Хронология) Инвентарен номер Систематично азбучна сигнатура Баркод Номер на екземпляра Цена в евро Служебен тип на артикула
  Не е изгубен Universal Decimal Classification Не е повреден без рестрикции Специални фондове ( старопечатни, редки и ценни, фонд М. Арнаудов) 745185 Регионална библиотека "Любен Каравелов" Русе Регионална библиотека "Любен Каравелов" Русе Фонд "Михаил Арнаудов" Фонд "Михаил Арнаудов" 10.00   588951 МА 1548 120000588951 1 5.11 Книги
Vip Innovations Ltd, Rousse, Bulgaria 2025